000 01719nam a2200517 i 4500
001 4618
003 KOSZ 005
005 20210317131530.0
008 981103s1986 pl a f f |001 0 pol
015 _aUWD 1986/7343
020 _a8320407508
035 _a991007776539705066
035 _a(PL-WaBN)b12014461-48omnis_nlop
035 _ab12014461
035 _a(OCoLC)749571489
035 _a(PL)b0000001201446
035 _a(EXLNZ-48OMNIS_NETWORK)9910215795105606
040 _aWA N
_cWA N
_dKOSZ 005/HR
041 0 _apol
046 _k1986
080 _a538.9
080 _a537.3
080 _a(075.8)
100 1 _aHennel, Jan
_d(1922-2014)
_eAutor
245 1 0 _aPodstawy elektroniki półprzewodnikowej /
_cJan Hennel.
260 _aWarszawa :
_bWydawnictwa Naukowo-Techniczne,
_c1986.
300 _a325, [3] s., [1] k. tabl. :
_brys., wykr. ;
_c24 cm.
336 _aTekst
_btxt
_2rdacontent
337 _aBez urządzenia pośredniczącego
_bn
_2rdamedia
338 _aWolumin
_bnc
_2rdacarrier
380 _aKsiążki
388 _a1901-2000
388 _a1945-1989
490 1 _aPodręczniki Akademickie. Elektronika, Informatyka, Telekomunikacja
504 _aBibliogr. s. 319-320. - Indeks.
650 7 _aFizyka ciała stałego
650 7 _aPółprzewodniki
_2DBN
655 7 _aPodręczniki akademickie
_2DBN
658 _aFizyka i astronomia
658 _aInżynieria i technika
710 2 _aWydawnictwa Naukowo-Techniczne
_4pbl
830 0 _aPodręczniki Akademickie
_pEIT
856 _uhttp://koha.tu.koszalin.pl/cgi-bin/koha/opac-detail.pl?biblionumber=4618
_yKatalog online BPK
942 _2UKD
_cKS
999 _c4618
_d4618